[Event "Manila ol (Women)"]
[Site "Manila"]
[Date "1992.??.??"]
[Round "?"]
[White "Semenova, Lidia K"]
[Black "Kisova, Petra"]
[Result "1/2-1/2"]
[WhiteElo "2225"]
[BlackElo "2140"]

1.d4 d5 2.Bg5 Nf6 3.Bxf6 gxf6 4.Nc3 Bf5 5.e3 c6 6.Bd3 Bxd3 7.Qxd3 Nd7 8.e4 e6
9.Nge2 dxe4 10.Qxe4 f5 11.Qf3 Qf6 12.O-O-O O-O-O 13.Kb1 Nb6 14.g4 Nc4 15.Ne4 Qe7
16.gxf5 Qb4 17.Qb3 exf5 18.Qxb4 Bxb4 19.N4c3 Rhg8 20.b3 Nd6 21.d5 Ne4 22.Nxe4 fxe4
23.dxc6 bxc6 24.Ng3 f5 25.c3 Bxc3 26.Nxf5 Kc7 27.Ng3 Rxd1+ 28.Rxd1 Rg6 29.Kc2 Be5
30.Kd2 Rh6 31.Rh1 Bf4+ 32.Ke2 e3 33.h3 exf2 34.Kxf2 Bxg3+ 35.Kxg3 Rd6 36.Rf1 Rd7
37.Rf5 Kb6 38.Rf4 a5 39.Kh4 Rd2 40.Ra4 Rd5 41.Rg4 Rd2 42.Ra4 Rd5 43.Kg4 Kb5
44.h4 h5+ 45.Kf4 Kb6 46.Ke3 Kb5 47.Re4 Kc5 48.Re8 Kb4 49.Re4+ Kc5 50.Re6 Kb6
51.Rh6 Re5+ 52.Kd4 Rf5 53.Ke4 Rb5 54.Ke3 Re5+ 55.Kf4 Rd5 56.Rh8 Kc5 57.Rc8 Kb6  1/2-1/2

[Event "Manila ol (Men)"]
[Site "Manila"]
[Date "1992.??.??"]
[Round "?"]
[White "Hodgson, Julian M"]
[Black "Silva, Sebastain"]
[Result "1-0"]
[WhiteElo "2545"]
[BlackElo "2355"]

1.d4 Nf6 2.Bg5 d5 3.Bxf6 exf6 4.e3 g6 5.h4 h5 6.c4 c6 7.Nc3 Be6 8.cxd5 cxd5
9.g3 Nd7 10.Bg2 Nb6 11.Nge2 Bd6 12.Qb3 Rc8 13.a4 a5 14.O-O O-O 15.Nxd5 Nxd5
16.Bxd5 Bxd5 17.Qxd5 Rc2 18.Qb5 Qe8 19.Nc3 Qe6 20.Rae1 g5 21.hxg5 h4 22.Re2 Rxe2
23.Qxe2 hxg3 24.gxf6 Re8 25.Kg2 Qxf6 26.fxg3 Qg5 27.Qf3 Kh8 28.Ne4 Rxe4 29.Rh1+ Kg7
30.Qxe4 Qxg3+ 31.Kf1  1-0

[Event "Manila ol (Men)"]
[Site "Manila"]
[Date "1992.??.??"]
[Round "?"]
[White "Nguyen Anh Dung"]
[Black "Handoko, Edhi"]
[Result "0-1"]
[WhiteElo "2205"]
[BlackElo "2390"]

1.d4 Nf6 2.Bg5 d5 3.Bxf6 exf6 4.g3 c6 5.Bg2 Bd6 6.Nf3 O-O 7.O-O Re8 8.Nbd2 Nd7
9.Re1 Nf8 10.c4 dxc4 11.Nxc4 Bb4 12.Rf1 Ng6 13.Qc2 Be6 14.e4 Qc8 15.a3 Bf8
16.h4 h5 17.Rfe1 f5 18.Ng5 f4 19.Bf3 b5 20.Nd2 c5 21.d5 Bg4 22.e5 Bf5 23.e6 Rxe6
24.dxe6 Bxc2 25.exf7+ Kh8 26.Re8 Qxe8 27.fxe8=Q Rxe8 28.Bxh5 fxg3 29.fxg3 c4
30.Kg2 Bd3 31.a4 Bb4 32.Nde4 Rxe4 33.Bxg6 Re7 34.h5 bxa4 35.Rxa4 a5 36.Kf3 Re1
37.Ra2 Kg8 38.g4 Rf1+ 39.Kg3 Be1+ 40.Kg2 Rf2+ 41.Kg1 Rf4 42.Kh2 Rxg4 43.Nf3 Bb4
44.Ne5 Re4 45.Nc6 Bd6+ 46.Kg2 Rg4+ 47.Kf3 Rg3+ 48.Kf2 Bxg6 49.hxg6 Rxg6 50.Rxa5 Re6
51.Kf3 Kh7 52.Rh5+ Kg6 53.Rh4 Bc5 54.Na5 Re3+ 55.Kg2 Re2+ 56.Kh3 Kf5 57.Nxc4 g5
58.Rg4 Re1 59.Rg2 g4+ 60.Kg3 Rc1 61.Nd2 Be3 62.Re2 Rg1+ 63.Kh2 g3+ 64.Kh3 Kf4  0-1

[Event "Manila ol (Men)"]
[Site "Manila"]
[Date "1992.??.??"]
[Round "?"]
[White "West, Guy"]
[Black "Seredenko, Vladimir"]
[Result "1-0"]
[WhiteElo "2405"]
[BlackElo "2335"]

1.d4 Nf6 2.Bg5 c5 3.Nc3 cxd4 4.Qxd4 Nc6 5.Qh4 d6 6.e4 Bd7 7.O-O-O Rc8 8.Kb1 Qa5
9.Nf3 a6 10.Nd2 Be6 11.Bc4 h6 12.Bxf6 gxf6 13.Bxe6 fxe6 14.f4 Nd4 15.Nb3 Nxb3
16.axb3 f5 17.Qh5+ Kd7 18.Qf7 Rxc3 19.bxc3 fxe4 20.Rxd6+ Kxd6 21.Rd1+ Kc7
22.Qe8 Qxc3 23.Qd8+  1-0

[Event "Capablanca mem-C"]
[Site "Matanzas"]
[Date "1992.??.??"]
[Round "6"]
[White "Nunez Vallina, Jose Antonio"]
[Black "Ramon, Vivian"]
[Result "1-0"]
[WhiteElo "2370"]
[BlackElo "2260"]

1.d4 Nf6 2.Bg5 d5 3.Nd2 Nbd7 4.e3 g6 5.c4 Bg7 6.cxd5 Nxd5 7.Ngf3 O-O 8.Rc1 h6
9.Bh4 c6 10.Bc4 Qb6 11.Bxd5 cxd5 12.Bxe7 Re8 13.Ba3 Qa5 14.Qe2 Qa4 15.O-O Bxd4
16.Nxd4 Qxd4 17.Rfd1 Qb6 18.Nf3 Ne5 19.Nxe5 Rxe5 20.b3 Rg5 21.Be7 Rh5 22.Bc5 Qc7
23.f4 Qd8 24.Qf3 Qh4 25.h3 Be6 26.Bb4 d4 27.Rxd4 Rd8 28.Bd6 Rf5 29.Qxb7 Qg3
30.Qf3 Qxf3 31.gxf3 Ra5 32.a4 Ra6 33.Be5 Rxd4 34.Bxd4 Bxh3 35.Rc7 g5 36.Rxa7 Rc6
37.fxg5 hxg5 38.Ra8+ Bc8 39.b4 Kh7 40.b5 Rc1+ 41.Kf2 Rc2+ 42.Kg3 f5 43.a5 Kg6
44.a6 Be6 45.Re8 Bd5 46.Rd8 Bc4 47.Rc8  1-0

[Event "Moscow3"]
[Site "Moscow"]
[Date "1992.??.??"]
[Round "?"]
[White "Lokasto, Anatol"]
[Black "Muhutdinov, Marat"]
[Result "1-0"]
[WhiteElo "2325"]
[BlackElo "2440"]

1.d4 Nf6 2.Bg5 d5 3.Nd2 c6 4.e3 Bf5 5.c4 Ne4 6.Nxe4 dxe4 7.Ne2 Nd7 8.Nc3 Qc7
9.Be2 e5 10.O-O f6 11.Bh4 exd4 12.Qxd4 Bc5 13.Qd2 O-O-O 14.Bg3 Ne5 15.Qc2 Bb4
16.Rfd1 Bxc3 17.Qxc3 Rhe8 18.c5 Rxd1+ 19.Rxd1 Rd8 20.Rxd8+ Kxd8 21.h3 Ke7
22.Qd4 b5 23.Bg4 Bg6 24.Bd1 Bf7 25.Bb3 Bxb3 26.axb3 Kf7 27.Qxe4 g6 28.b4 Kf8
29.Bxe5 fxe5 30.f4 exf4 31.Qxf4+ Qf7 32.Qf3  1-0

[Event "Munich op9192"]
[Site "Munich"]
[Date "1992.??.??"]
[Round "2"]
[White "Gerstner, Wolfgang"]
[Black "Alterman, Boris"]
[Result "0-1"]
[WhiteElo "2385"]
[BlackElo "2495"]

1.d4 Nf6 2.Bg5 c5 3.d5 g6 4.Nc3 Bg7 5.e4 d6 6.Qd2 Qa5 7.f3 a6 8.O-O-O Nbd7
9.Kb1 b5 10.Bh6 Bxh6 11.Qxh6 Ne5 12.Qe3 Bd7 13.f4 Neg4 14.Qf3 b4 15.Nce2 Nxe4
16.Qxe4 Nf2 17.Qf3 Nxd1 18.Nc1 Nc3+ 19.bxc3 bxc3 20.Nb3 Rb8 21.Bc4 Qb4 22.Bxa6 O-O
23.Ne2 Qa3 24.Nxc3 Qxa6 25.Kc1 Qb6 26.Re1 c4 27.Nd2 Qb2+ 28.Kd1 Bg4 29.Qxg4 Qxc3
30.Rxe7 Rb2  0-1

[Event "CZE-ch U20"]
[Site "Neratovice"]
[Date "1992.??.??"]
[Round "?"]
[White "Cech, Pavel"]
[Black "Horak, M."]
[Result "1/2-1/2"]
[WhiteElo "2300"]
[BlackElo "2190"]

1.d4 Nf6 2.Bg5 g6 3.Nf3 Bg7 4.e3 O-O 5.Nbd2 b6 6.c3 Bb7 7.Bd3 d6 8.O-O Nbd7
9.e4 c5 10.Qe2 cxd4 11.cxd4 Rc8 12.Rac1 h6 13.Bxf6 Nxf6 14.Ba6 Qd7 15.Bb5 Qd8
16.Ba6  1/2-1/2

[Event "Oakham"]
[Site "Oakham"]
[Date "1992.??.??"]
[Round "6"]
[White "Bus, Mariusz"]
[Black "Khurtsidze, Nino"]
[Result "1/2-1/2"]
[WhiteElo "2390"]
[BlackElo "2220"]

1.d4 Nf6 2.Bg5 c5 3.dxc5 Qa5+ 4.Qd2 Qxc5 5.Nc3 e6 6.e4 a6 7.f4 d6 8.Nf3 Nc6
9.O-O-O Ng4 10.Re1 Be7 11.Bxe7 Nxe7 12.h3 Nf6 13.e5 dxe5 14.fxe5 Nfd5 15.Ne4 Qb4
16.c3 Qa5 17.Nd6+ Kd7 18.Kb1 Kc7 19.Qd1 Rd8 20.Nd4 Nf5 21.Nxf7 Rf8 22.Nd6 Nxd4
23.Qxd4 Bd7 24.Bd3 Rf4 25.Re4 Raf8 26.Rxf4 Rxf4 27.Be4 Qb6 28.Qxb6+ Kxb6
29.c4 Nb4 30.Bxb7 Nd3 31.Be4 Nxe5 32.Bxh7 Kc5 33.Ne4+ Kxc4 34.Re1 g6 35.Nc3 Nd3
36.Re2 Rf1+ 37.Kc2 Nf4 38.Re4+ Kc5 39.b4+ Kb6 40.g3 Nxh3 41.Bxg6 Rf3 42.Ne2 a5
43.Bh5 Rf2 44.Bg4 Ng1 45.Kc3 Rg2 46.bxa5+ Kxa5 47.Re3 Nxe2+ 48.Bxe2 Bb5 49.Bxb5 Kxb5
50.Kd4 Rxa2 51.Ke5 Ra8 52.g4 Kc6 53.g5 Ra5+ 54.Kf6 Rf5+ 55.Kg6 Kd5 56.Kh6 e5
57.g6 Rf1 58.Rg3 Rh1+ 59.Kg7 e4 60.Kf6 Rf1+ 61.Ke7 Ra1 62.g7 Ra8 63.Kf6 Kd4  1/2-1/2

[Event "Pardubice op"]
[Site "Pardubice"]
[Date "1992.??.??"]
[Round "4"]
[White "Kourek, Josef"]
[Black "Babula, Milan"]
[Result "1/2-1/2"]
[WhiteElo "2305"]
[BlackElo "2355"]

1.d4 Nf6 2.Bg5 g6 3.Bxf6 exf6 4.e3 Bg7 5.Bd3 f5 6.Nd2 d6 7.Ne2 Nd7 8.h4 Nf6
9.Nf4 Bd7 10.c3 Bh6 11.Qc2 Bxf4 12.exf4 Qe7+ 13.Kf1 O-O-O 14.Re1 Qf8 15.c4 Re8
16.Rxe8+ Qxe8 17.Rh3 Ng4 18.Nf3 Qe7 19.g3 Bc6 20.d5 Bd7 21.Kg2 c6 22.Rh1 cxd5
23.cxd5+ Kb8 24.Qb3 Nf6 25.Re1 Qd8 26.Ng5 Rf8 27.Qb4 Bc8 28.Qd4 h6 29.Nf3 h5
30.Ng5 Bd7 31.Bc4 Ne8 32.Qe3 Nf6 33.Qe7 Qxe7 34.Rxe7 Be8 35.f3 Ng8 36.Re3 Bd7
37.Kf2 Rc8 38.Bb3 Be8 39.Ke2 Kc7 40.Rc3+ Kd8 41.Rxc8+ Kxc8 42.Ke3  1/2-1/2

[Event "BUL-ch (Women)"]
[Site "Pernik"]
[Date "1992.??.??"]
[Round "3"]
[White "Gocheva, Rumiana B"]
[Black "Nestorova Petrova, Lozanka"]
[Result "1-0"]
[WhiteElo "2230"]
[BlackElo "2065"]

1.d4 Nf6 2.Bg5 g6 3.Bxf6 exf6 4.g3 Bg7 5.Bg2 f5 6.e3 d6 7.Ne2 Nd7 8.Nd2 Nf6
9.c4 c6 10.Qc2 Qe7 11.O-O O-O 12.b4 Bd7 13.Nc3 Rac8 14.c5 d5 15.a4 Ng4 16.Rfe1 Rfe8
17.Nf1 h5 18.Qd2 h4 19.b5 hxg3 20.hxg3 Qg5 21.Rab1 Rc7 22.b6 axb6 23.cxb6 Rcc8
24.a5 Ra8 25.Ra1 Reb8 26.Na4 Bf8 27.f3 Nf6 28.Nc5 Bxc5 29.dxc5 Be6 30.Qd4 Nd7
31.Kf2 Qe7 32.Rec1 Re8 33.Nd2 Qf8 34.Nb3 Qg7 35.Bf1 Nb8 36.a6 bxa6 37.Na5 Bd7
38.Be2 Qxd4 39.exd4 Kg7 40.Bd3 Kf6 41.Re1 Rxe1 42.Rxe1 Be6 43.Rh1 Kg7 44.Ke3 f6
45.Bc2 Bd7 46.Ba4 Kg8 47.f4 Kg7 48.b7 Ra7 49.Rb1 Kf7 50.Rb6 Be8 51.Kd3 Bd7
52.Kc3 g5 53.Rxc6 Rxb7 54.Nxb7  1-0

[Event "BCF-ch"]
[Site "Plymouth"]
[Date "1992.??.??"]
[Round "5"]
[White "Rogers, Jonathan"]
[Black "Norman, Kenneth I"]
[Result "1/2-1/2"]
[WhiteElo "2295"]
[BlackElo "2210"]

1.d4 Nf6 2.Bg5 g6 3.Bxf6 exf6 4.e3 Bg7 5.Bd3 f5 6.Ne2 O-O 7.Nf4 d6 8.h4 c5
9.c3 Re8 10.Kf1 Nd7 11.h5 Nf6 12.hxg6 hxg6 13.Nd2 Rb8 14.Nf3 b5 15.Qe2 c4
16.Bc2 Bb7 17.a4 a6 18.b4 Nd5 19.Nxd5 Bxd5 20.Qd2 Qe7 21.a5 Bf6 22.Re1 Qb7
23.Rh3  1/2-1/2

[Event "BCF-ch"]
[Site "Plymouth"]
[Date "1992.??.??"]
[Round "6"]
[White "Hodgson, Julian M"]
[Black "Martin, Andrew D"]
[Result "1-0"]
[WhiteElo "2535"]
[BlackElo "2420"]

1.d4 Nf6 2.Bg5 d5 3.Bxf6 gxf6 4.c4 c6 5.e3 e6 6.Nc3 f5 7.Nf3 Bg7 8.Qc2 Nd7
9.h3 dxc4 10.Bxc4 Qc7 11.O-O-O b5 12.Bb3 Ba6 13.g4 f4 14.Ng5 Nf8 15.Nce4 h6
16.Nxf7 Kxf7 17.d5 Be5 18.dxe6+ Kg7 19.Qc5 Bc8 20.Rd7+  1-0

[Event "POR-ch"]
[Site "?"]
[Date "1992.??.??"]
[Round "11"]
[White "Fernandes, Antonio"]
[Black "Ribeiro, Fernando"]
[Result "1-0"]
[WhiteElo "2440"]
[BlackElo "2205"]

1.d4 Nf6 2.Bg5 c5 3.Bxf6 gxf6 4.c3 Qb6 5.Qd2 Bg7 6.e3 d6 7.Ne2 h5 8.Na3 h4
9.Nf4 e6 10.Nc4 Qc7 11.dxc5 dxc5 12.O-O-O Bf8 13.Be2 Nc6 14.Nh5 Rh6 15.g3 Bd7
16.e4 Ne5 17.Nxe5 fxe5 18.Qg5 Qd8 19.Ng7+ Bxg7 20.Qxg7 Rg6 21.Qh8+ Ke7 22.Qxh4+ Rf6
23.Bb5  1-0

[Event "CSR-ch"]
[Site "Prague"]
[Date "1992.??.??"]
[Round "3"]
[White "Cech, Pavel"]
[Black "Lechtynsky, Jiri"]
[Result "0-1"]
[WhiteElo "2315"]
[BlackElo "2410"]

1.d4 Nf6 2.Bg5 c5 3.Bxf6 gxf6 4.c3 Qb6 5.Qc2 cxd4 6.cxd4 Nc6 7.e3 d5 8.Nc3 e6
9.Nf3 Bd7 10.Be2 Rc8 11.O-O Bd6 12.e4 dxe4 13.Qxe4 Ne7 14.Qd3 Bc6 15.Ne4 Bxe4
16.Qxe4 f5 17.Qh4 Ng6 18.Qf6 Qxb2 19.Bd3 O-O 20.Qg5 Qa3 21.Rad1 Rc3 22.Bb1 Kg7
23.Rfe1 h6 24.Qd2 Rxf3 25.gxf3 Nh4 26.Qe3 Nxf3+ 27.Kf1 Nxe1 28.Qxa3 Bxa3
29.Kxe1 Rd8 30.d5 Bd6 31.h3 Kf6 32.dxe6 fxe6 33.Ke2 Ke7 34.Rc1 Bf4 35.Rc2 Kf6
36.a4 Rd4  0-1

[Event "CSR-ch"]
[Site "Prague"]
[Date "1992.??.??"]
[Round "3"]
[White "Lys, Josef"]
[Black "Prandstetter, Eduard"]
[Result "0-1"]
[WhiteElo "2295"]
[BlackElo "2410"]

1.d4 Nf6 2.Bg5 d5 3.Nc3 g6 4.Bxf6 exf6 5.e4 dxe4 6.Nxe4 Bg7 7.c3 O-O 8.Bd3 f5
9.Ng3 c5 10.dxc5 Nd7 11.Bc2 Nxc5 12.Qxd8 Rxd8 13.N1e2 Be6 14.b3 Nd3+ 15.Bxd3 Rxd3
16.Rc1 Rad8 17.Nf1 f4 18.f3 Bf5 19.h4 h5 20.Kf2 Rd1 21.Rxd1 Rxd1 22.g3 Bb1
23.a3 Bc2 24.b4 Ra1 25.gxf4 Rxa3 26.Nd2 Bd3 27.c4 Bf8 28.c5 a5 29.Nc1 Bb5
30.bxa5 Bxc5+ 31.Kg3 Be3 32.Ndb3 Bc6 33.Rf1 f5 34.Kg2 Bxf4 35.Nd4 Rxa5 36.Nxc6 bxc6
37.Nd3 Ra2+ 38.Kg1 Bh2+ 39.Kh1 Rd2 40.Rc1 Rxd3 41.Kxh2 Rd6 42.Kg3 Kf7 43.Kf4 Kf6
44.Rc5 Rd4+ 45.Ke3 Rxh4 46.f4 Rg4 47.Rxc6+ Kg7 48.Ra6 h4 49.Kf3 Rg3+ 50.Kf2 Kh6
51.Rb6 Kh5 52.Ra6 Rb3 53.Rc6 h3 54.Rc1 h2 55.Kg2 Kg4 56.Rc6 Kxf4 57.Rxg6 Rg3+
58.Rxg3 h1=Q+ 59.Kxh1 Kxg3  0-1

[Event "ROM-chT"]
[Site "?"]
[Date "1992.??.??"]
[Round "?"]
[White "Ignatescu, Radu"]
[Black "Szuhanek, Ranko"]
[Result "1/2-1/2"]
[WhiteElo "2260"]
[BlackElo "2255"]

1.d4 Nf6 2.Bg5 g6 3.Nc3 d5 4.g3 Bg7 5.Bg2 c6 6.Qd2 O-O 7.O-O-O Nbd7 8.e4 dxe4
9.Nxe4 Nxe4 10.Bxe4 Nf6 11.Bxf6 Bxf6 12.h4 Be6 13.h5 Bd5 14.f3 e5 15.Qh2 Qc7
16.Bxd5 cxd5 17.Ne2 Rfe8 18.g4 Bg5+ 19.Kb1 Bf4 20.Nxf4 exf4 21.Rde1 g5 22.Re2 Qc4
23.Rhe1 Rxe2 24.Qxe2 Qxe2 25.Rxe2 Kf8 26.Kc1 Re8 27.Kd2 Rxe2+ 28.Kxe2 b5
29.Kd3 Ke7 30.b3  1/2-1/2

[Event "Roquebrune rapid"]
[Site "Roquebrune"]
[Date "1992.??.??"]
[Round "18"]
[White "Piket, Jeroen"]
[Black "Polugaevsky, Lev"]
[Result "0-1"]
[WhiteElo "2615"]
[BlackElo "2630"]

1.d4 Nf6 2.Bg5 d5 3.Bxf6 gxf6 4.e3 c6 5.c4 e6 6.Nc3 f5 7.Nh3 Nd7 8.cxd5 cxd5
9.Nf4 a6 10.Bd3 Nf6 11.Qb3 Bd6 12.O-O Rb8 13.Rac1 Bd7 14.Nce2 O-O 15.f3 Qa5
16.a3 Ba4 17.Qc3 Qxc3 18.Rxc3 Rfc8 19.Rfc1 Rxc3 20.Rxc3 Bd7 21.Kf2 a5 22.h3 b5
23.g4 fxg4 24.hxg4 h6 25.Bb1 b4 26.axb4 Bxb4 27.Rc1 Bd6 28.Nd3 Bb5 29.Rh1 Kg7
30.Nec1 a4 31.Rd1 Nd7 32.e4 dxe4 33.fxe4 Bc6 34.e5 Be7 35.Ne2 Nb6 36.Rc1 Bb5
37.Nef4 Bc4 38.Bc2 Bg5 39.Ra1 Rd8 40.Ne2 Bb5 41.Ra3 Nc4 42.Rc3 Be3+ 43.Kg3 Bd2
44.Nc5 Bxc3 45.Nxc3 Bc6 46.Bxa4 Bxa4 47.N5xa4 Rxd4 48.b4 Nxe5 49.b5 Rxg4+  0-1

[Event "Roquebrune rapid"]
[Site "Roquebrune"]
[Date "1992.??.??"]
[Round "22"]
[White "Adams, Michael"]
[Black "Polugaevsky, Lev"]
[Result "1/2-1/2"]
[WhiteElo "2590"]
[BlackElo "2630"]

1.d4 Nf6 2.Bg5 d5 3.Bxf6 exf6 4.e3 Bd6 5.c4 dxc4 6.Bxc4 O-O 7.Nc3 c5 8.dxc5 Bxc5
9.Bxf7+ Kh8 10.Qh5 Bb4 11.Bg6 Bxc3+ 12.bxc3 h6 13.Nf3 f5 14.O-O Qf6 15.Nd4 Nc6
16.Be8 Ne5 17.Ba4 Bd7 18.Bxd7 Nxd7 19.Qe2 Rac8 20.Rab1 Nc5 21.g3 Qe5 22.Rb5 b6
23.a4 f4 24.gxf4 Qe8 25.a5 Ne4 26.Re5 Nxc3 27.Qg4 Qf7 28.axb6 axb6 29.Rc1 b5
30.Rf5 Qe7 31.Rxf8+ Qxf8 32.Ra1 Ra8 33.Rxa8 Qxa8 34.Ne6 Qa1+ 35.Kg2 Qa8+
36.f3 Qa7 37.Nd4 b4 38.Qc8+ Kh7 39.Kh3 Qf7 40.Qc5 Nd5 41.Qc2+ Kh8 42.Qe4 Nc3
43.Qe5 Kh7 44.f5 b3 45.Nxb3 Qxb3 46.f6 gxf6 47.Qxf6 Qc4 48.Qe7+ Kg8 49.Qe8+ Kg7
50.Qe5+ Kg6 51.e4 Qf1+ 52.Kg4 Qg2+ 53.Qg3 h5+ 54.Kh4+ Qxg3+ 55.hxg3 Kh6 56.g4 hxg4
57.Kxg4 Kg6  1/2-1/2

[Event "San Bernardino op"]
[Site "San Bernardino"]
[Date "1992.??.??"]
[Round "5"]
[White "Hodgson, Julian M"]
[Black "Weindl, Alfred"]
[Result "1-0"]
[WhiteElo "2535"]
[BlackElo "2365"]

1.d4 Nf6 2.Bg5 c5 3.d5 d6 4.Nc3 e5 5.dxe6 Bxe6 6.g3 Be7 7.Bg2 Nc6 8.e3 O-O
9.Nge2 Qd7 10.O-O Rad8 11.Nf4 h6 12.Bxf6 Bxf6 13.Qd2 Be5 14.Nxe6 fxe6 15.f4 Bf6
16.Rad1 d5 17.e4 d4 18.e5 Be7 19.Qe2 Qe8 20.Ne4 Nb4 21.c4 Nxa2 22.Ra1 Nb4
23.Rxa7 Qd7 24.Rxb7 Qxb7 25.Nf6+ gxf6 26.Bxb7 f5 27.Qh5 Kh7 28.g4 Rd7 29.Bc8  1-0

[Event "San Bernardino op"]
[Site "San Bernardino"]
[Date "1992.??.??"]
[Round "9"]
[White "Hodgson, Julian M"]
[Black "Chudinovskih, Alexander"]
[Result "1-0"]
[WhiteElo "2535"]
[BlackElo "2325"]

1.d4 Nf6 2.Bg5 d5 3.Bxf6 gxf6 4.c4 c6 5.e3 Bf5 6.Nc3 e6 7.Nge2 Qb6 8.Qd2 Nd7
9.Rc1 Rd8 10.Nf4 dxc4 11.Bxc4 e5 12.Nfe2 Bh6 13.O-O exd4 14.Nxd4 Ne5 15.Qe2 Bg4
16.Qc2 Rxd4 17.exd4 Qxd4 18.Be2 Bxc1 19.Rxc1 Bxe2 20.Qxe2 Qd3 21.Qe1 O-O
22.Ne4 Kg7 23.Rd1 Qc2 24.Rd2 Qc4 25.b3 Qb4 26.Qe3 Re8 27.Rd4 Qb6 28.h3 Ng6
29.Qc3 Nf4 30.Ng3 Nd5 31.Nf5+ Kh8 32.Qg3 Rg8 33.Rg4 Qd8 34.Rg7 Qf8 35.Rxf7  1-0

[Event "EU-ch U20"]
[Site "Sas van Gent"]
[Date "1992.??.??"]
[Round "3"]
[White "Aleksandrov, Aleksej"]
[Black "Janev, Evgeni"]
[Result "1-0"]
[WhiteElo "2505"]
[BlackElo "2325"]

1.d4 Nf6 2.Bg5 g6 3.Bxf6 exf6 4.g3 Bg7 5.Bg2 f5 6.c4 c6 7.e3 d6 8.Nc3 Nd7
9.b4 O-O 10.Nge2 Nf6 11.O-O Qe7 12.b5 Ne4 13.Qd3 Re8 14.Rab1 Be6 15.bxc6 bxc6
16.Nxe4 fxe4 17.Bxe4 d5 18.cxd5 cxd5 19.Bf3 Bf5 20.Qd2 Bxb1 21.Rxb1 Rab8
22.Rxb8 Rxb8 23.Bxd5 Bh6 24.Qd3 Rb2 25.Bb3 Qf6 26.Kg2 a5 27.h4 a4 28.Bxa4 Rxa2
29.Bb3 Rb2 30.Bc4 Qe7 31.e4 Qb4 32.Bd5 Kg7 33.e5 Bd2 34.Qf3 Qe7 35.Bc4 Be1
36.Kf1 Rb1 37.Kg2 Rb2 38.Kf1 Rb1 39.Bd3 Ra1 40.Kg2 Ra2 41.h5 Bd2 42.Qe4 Be1
43.Bc4 Rb2 44.d5 Qc5 45.Qf4 Rb4 46.e6 f5 47.Qe5+ Kh6 48.Nd4 Rxc4 49.Nxf5+ gxf5
50.Qf6+ Kxh5 51.Qxf5+ Kh6 52.Qf6+ Kh5 53.Qf5+ Kh6 54.Qf6+ Kh5 55.Qf7+ Kh6
56.e7 Re4 57.Qf6+ Kh5 58.Qf5+ Kh6 59.Qf8+ Kg5 60.f4+ Kg4 61.Qg8+ Kf5 62.Qg5+  1-0

[Event "Shenzhen"]
[Site "Shenzhen"]
[Date "1992.??.??"]
[Round "9"]
[White "Lputian, Smbat G"]
[Black "Petrosian, Arshak B"]
[Result "1/2-1/2"]
[WhiteElo "2585"]
[BlackElo "2460"]

1.d4 Nf6 2.Bg5 d5 3.e3 c5 4.Bxf6 gxf6 5.dxc5 e6 6.Nc3 Bxc5 7.Qg4 Nc6 8.O-O-O Bd7
9.Qg7 Ke7 10.Nge2 Qg8 11.Qh6 Qg5 12.Qh3 h5 13.Nf4 Qg4 14.Qg3 Ne5 15.Be2 Qf5
16.Qh4 Ng6 17.Nxg6+ fxg6 18.Bd3 Qg4 19.Qxg4 hxg4 20.Bxg6 f5 21.Nxd5+ exd5
22.Rxd5 Bd6 23.Rhd1 Be6 24.Rxd6 Rag8 25.Bxf5 Bxf5 26.R6d5 Be6 27.Rb5 b6 28.h3 Rf8
29.Rd2 gxh3 30.gxh3 Rxh3 31.b3 Rhf3 32.a4 Rxf2 33.a5 Rxd2 34.Kxd2 Rf5 35.Rxf5 Bxf5
36.axb6 axb6 37.c4 Kd6 38.Kc3 Bd7 39.Kd4 Bg4 40.b4 Kc6 41.Ke5 Be2 42.Kd4 Bf1  1/2-1/2

[Event "Scandinavia-ch schools"]
[Site "Skovde"]
[Date "1992.??.??"]
[Round "4"]
[White "Nielsen, Lars Aaes"]
[Black "Nouro, Mikael"]
[Result "0-1"]
[WhiteElo "2340"]
[BlackElo "2265"]

1.d4 Nf6 2.Bg5 c5 3.d5 Qb6 4.Qc1 Ne4 5.Bh4 g5 6.Bg3 Bg7 7.c3 Qh6 8.Bxb8 Rxb8
9.Nd2 Nxd2 10.Qxd2 b5 11.Rc1 d6 12.e3 O-O 13.Bd3 e6 14.dxe6 fxe6 15.Ne2 Bb7
16.O-O Be5 17.Ng3 Qh4 18.Qe2 Rf6 19.Qh5 Bxg3  0-1

[Event "BUL-ch sf"]
[Site "Sofia"]
[Date "1992.??.??"]
[Round "8"]
[White "Kurtenkov, Atanas"]
[Black "Janev, Evgeni"]
[Result "1/2-1/2"]
[WhiteElo "2385"]
[BlackElo "2360"]

1.d4 Nf6 2.Bg5 g6 3.Bxf6 exf6 4.e4 d5 5.exd5 Qxd5 6.Qe2+ Be7 7.Qb5+ c6 8.Qxd5 cxd5
9.Bd3 Be6 10.Ne2 Bd6 11.Nd2 Nc6 12.Bb5 Rc8 13.c3 Kf8 14.Bxc6 Rxc6 15.Nb3 b6
16.Nbc1 h5 17.Nd3 g5 18.h4 Kg7 19.Kd2 Bf5 20.a3 a5 21.Raf1 Rc7 22.Ng3 Bg6
23.Re1 b5 24.Nf1 Rd8 25.Ne3 Bf8 26.Ra1 Bxd3 27.Kxd3 Kg6 28.g4 hxg4 29.h5+ Kh7
30.Rhg1 Kh6 31.Rh1 Kh7 32.Rag1 Rc6 33.Rxg4 Bd6 34.Nf5 Bf4 35.Re1 Re6 36.Rgg1 Rde8
37.Ne3 Bxe3 38.Rxe3 Kh6 39.Rh1 f5 40.b3 f4 41.Rxe6+ fxe6 42.f3 Rc8 43.a4 bxa4
44.bxa4 Rc7 45.Rh2 Kg7 46.Rb2 Kf6 47.Rb5 Rh7 48.Rxa5 Rxh5 49.Ra8 Rh2 50.a5 Ra2
51.a6 Kg7 52.a7 g4 53.fxg4 f3 54.Rb8 f2 55.Rb1 Rxa7 56.Rf1 Ra2 57.Ke3 Rc2
58.Kd3 Ra2 59.Ke3 Ra3 60.Kd3  1/2-1/2

[Event "St Petersburg op"]
[Site "St Petersburg"]
[Date "1992.??.??"]
[Round "?"]
[White "Chepukaitis, Genrikh"]
[Black "Rutman, A."]
[Result "1-0"]
[WhiteElo "2245"]
[BlackElo "2355"]

1.d4 d5 2.Bg5 Nf6 3.Nd2 e6 4.e3 c5 5.c3 Be7 6.Bd3 b6 7.f4 Bb7 8.Ngf3 Nbd7
9.O-O Ne4 10.Bxe7 Qxe7 11.Ne5 O-O 12.Nxd7 Qxd7 13.Nf3 f6 14.a4 a5 15.Re1 c4
16.Bxe4 dxe4 17.Nd2 Rfc8 18.b3 Bd5 19.bxc4 Bxc4 20.Qb1 Bd3 21.Qb2 Rab8 22.Rec1 b5
23.axb5 Rxb5 24.Qa3 Qb7 25.c4 Rb2 26.Qxa5 e5 27.fxe5 fxe5 28.d5 Rf8 29.Qc3 Rb6
30.Qxe5 Qf7 31.Kh1 Rf6 32.Rg1 Qg6 33.Ra7 Rf2 34.Qc3 R2f5 35.Qa5 Rh5 36.Qc7 h6
37.Rb7 Kh7 38.Rb8 Rff5 39.g3 Rfg5 40.Qd8  1-0

[Event "Stare Mesto op"]
[Site "Stare Mesto"]
[Date "1992.??.??"]
[Round "?"]
[White "Obsivac, Josef"]
[Black "Belov, Igor"]
[Result "1/2-1/2"]
[WhiteElo "2265"]
[BlackElo "2440"]

1.d4 Nf6 2.Bg5 g6 3.Bxf6 exf6 4.e3 f5 5.Ne2 d6 6.Nf4 Nd7 7.c3 Nf6 8.Qb3 c6
9.Bd3 Bh6 10.O-O O-O 11.c4 Re8 12.Nc3 Qb6 13.g3 Bd7 14.Rfd1 Qc7 15.Qc2 Re7
16.b4 Rae8 17.c5 d5 18.a4 Bc8 19.Rab1 Qd7 20.Bf1 Ne4 21.b5 Qd8 22.Na2 Qa5
23.Nb4 Bd7 24.Qb3 Kh8 25.Rb2 Bg7 26.bxc6 bxc6 27.Na6 Bc8 28.Qb4 Qd8 29.Qa3 Qa5
30.Qb4 Qd8 31.Qa3 Qa5 32.Qb4  1/2-1/2

[Event "Tomo Zupan op"]
[Site "Tomo Zupan"]
[Date "1992.??.??"]
[Round "?"]
[White "Soln, Primoz"]
[Black "Kosmac, Blaz"]
[Result "1/2-1/2"]
[WhiteElo "2150"]
[BlackElo "2000"]

1.d4 Nf6 2.Bg5 d5 3.Nd2 g6 4.c3 Bg7 5.f3 Nbd7 6.e4 O-O 7.e5 Ne8 8.Be3 c5
9.f4 cxd4 10.cxd4 Nc7 11.Ngf3 f5 12.Bd3 b6 13.Qe2 a5 14.Rc1 Ba6 15.O-O Bxd3
16.Qxd3 Rc8 17.Rc6 b5 18.Rfc1 Nb8 19.R6c3 Qd7 20.Nb3 b4 21.R3c2 Nca6 22.Nxa5 Rxc2
23.Qxc2 Qb5 24.Nc6 Nxc6 25.Qxc6 Qa5 26.Ng5 h6 27.Qe6+ Kh8 28.Nf7+ Kh7 29.Rc6 b3
30.Qxg6+ Kg8 31.Nxh6+ Kh8 32.Rc1 bxa2 33.Ra1 Bxh6 34.Qxh6+ Kg8 35.Qe6+ Kh8
36.Qxe7 Rb8 37.Qf6+ Kg8 38.Qg6+ Kh8 39.Qxf5 Rxb2 40.Qh5+ Kg8 41.Qg6+ Kh8
42.e6 Qb5 43.e7 Nc7 44.Qf6+ Kg8 45.Qf8+ Kh7 46.Qf5+ Kg8 47.Qg6+ Kh8 48.Qf6+ Kg8
49.Qf8+ Kh7 50.Qf5+ Kg8 51.Qg6+ Kh8 52.Qh6+ Kg8 53.Qg6+  1/2-1/2

[Event "Air Force-ch"]
[Site "USA"]
[Date "1992.??.??"]
[Round "7"]
[White "Wall, Bill"]
[Black "Smith, B."]
[Result "0-1"]
[WhiteElo "2030"]
[BlackElo "1815"]

1.d4 Nf6 2.Bg5 d5 3.Bxf6 exf6 4.Nf3 Bd6 5.e3 Bg4 6.h3 Be6 7.Bd3 Nd7 8.Nbd2 c5
9.c3 c4 10.Bc2 f5 11.O-O O-O 12.Re1 b5 13.a4 a6 14.axb5 axb5 15.Rxa8 Qxa8
16.Ng5 h6 17.Nxe6 fxe6 18.b3 Nf6 19.Qb1 Qa5 20.b4 Qa3 21.Qc1 Ra8 22.Qxa3 Rxa3
23.Nb1 Ra2 24.Rc1 Nd7 25.f3 Nb6 26.e4 Bf4  0-1

[Event "Aachen op"]
[Site "Aachen"]
[Date "1993.??.??"]
[Round "5"]
[White "Hennig, Dirk"]
[Black "Koch, Thomas"]
[Result "1/2-1/2"]
[WhiteElo "2325"]
[BlackElo "2315"]

1.d4 Nf6 2.Bg5 c5 3.Bxf6 gxf6 4.d5 Qb6 5.Qc1 f5 6.e3 Bg7 7.c3 Qd6 8.Qd2 Na6
9.a4 Nc7 10.Bc4 b6 11.Na3 a6 12.Rd1 Rb8 13.Qd3 Qh6 14.d6 Qxd6 15.Qxd6 exd6
16.Ne2 Bb7 17.Nf4 Bc6 18.O-O Be5 19.Bb3 Rg8 20.f3 Ke7 21.Bc2 h6 22.Rd2 b5
23.axb5 axb5 24.Bxf5 Ra8 25.Ne2 d5 26.Re1 Ne6 27.f4 Bf6 28.Bh3 Ra4 29.Nb1 h5
30.Ng3 Ng7 31.e4 dxe4 32.b3 Ra1 33.Nxe4 Bxe4 34.Rxe4+ Ne6 35.Rd1 d5 36.Re2 Kd6
37.Bxe6 fxe6 38.Rde1 Re8 39.Kf2 e5 40.c4 e4 41.cxd5 Kxd5 42.Rd1+ Bd4+ 43.Ke1 Kc6
44.Rc2 Rd8 45.Ke2 Kb6 46.g3 Ka5 47.Rdc1 Kb4 48.Nd2 Re8 49.Rxc5 e3 50.Nf3 Bxc5
51.Rxa1 Kxb3 52.Rb1+ Ka4 53.Ne5 b4 54.Nd3 Bd6 55.Nb2+ Kb3 56.Nd3+ Ka4 57.Nb2+ Kb3
58.Nd3+ Ka2 59.Rxb4 Bxb4 60.Nxb4+ Kb3 61.Nd5 Kc4 62.Nf6 Re6 63.Nxh5 Kd4 64.f5 Ra6  1/2-1/2

[Event "Alushta"]
[Site "Alushta"]
[Date "1993.??.??"]
[Round "?"]
[White "Zlochevskij, Alexander"]
[Black "Gipslis, Aivars"]
[Result "1/2-1/2"]
[WhiteElo "2455"]
[BlackElo "2490"]

1.d4 Nf6 2.Bg5 g6 3.Bxf6 exf6 4.e3 Bg7 5.g3 O-O 6.Bg2 d6 7.Ne2 f5 8.O-O Nd7
9.c4 Nf6 10.Nd2 Re8 11.Qc2 c5 12.b4 cxd4 13.Nxd4 Qe7 14.Rad1 a6 15.Qb1 Be6
16.Nxe6 fxe6  1/2-1/2